八社会を設立したスーパーマーケットのグループ鉄道会社 - Statistics

General Stats
  • This quiz has been taken 12 times
  • The average score is 7 of 8
Answer Stats
Answer % Correct
小田急電鉄
100%
京王電鉄
100%
京成電鉄
100%
京浜急行電鉄
100%
東急電鉄
100%
東武鉄道
100%
相模鉄道
92%
松本電鉄
25%
No matching quizzes found
Score Distribution
Percent of People with Each Score
Percentile by Number Answered
Your Score History
You have not taken this quiz